Warzywa według zdjęcia - Statystyki

Ogólne statystyki
  • Ten quiz został rozwiązany 1 852 razy
  • Średni wynik to 14 z 20
Statystyki odpowiedzi
Obrazkowy Odpowiedź % Poprawnych
Kukurydza
100%
Dynia
99%
Pomidor
99%
Papryka
97%
Rzodkiewka
97%
Burak zwyczajny
93%
Psianka podłużna
93%
Ogórek
92%
Kalafior
89%
Kapusta warzywna brukselska
87%
Por
84%
Rabarbar
80%
Imbir
79%
Szparag
70%
Rzepa
46%
Karczoch
27%
Dynia piżmowa
19%
Fenkuł włoski
19%
Pasternak
16%
Piżmian jadalny
2%
Nie znaleziono quizów pasujących do podanych kryteriów
Rozkład punktacji
Procent ludzi z każdym wynikiem
Percentyl według liczby udzielonych odpowiedzi
Twoja historia wyników
Nie rozwiązałeś tego quizu